00181nam a22000737a 4500082001800000245004800018260003300066300000800099 a346.42031 WOR aWorkmen's compensation act, 1923 with rules aPakistanbPunjab Laws Online a88p